000
00341nam a2200133Ia 4500
003
PILC
008
220421s2000 xx 000 0 und d
040
_c
EARIST LIBRARY
100
_a
Arrogante, Jose A. et.al
_9
972
245
0
_a
Pagbasa at Pagsulat (Pangkolehiyo) /
260
_a
Manila,
_b
Rex :
_c
2000.
999
_c
2346
_d
2346
942
_2
ddc
_c
BK